000
00326 a2200145 4500
001
180284
020
_a
040
_c
Magnum
100
_a
Schall, Virginia
240
1
0
_a
Ciranda do meio ambiente/v.2
_l
por
245
1
0
_a
Ciranda do meio ambiente/v.2
362
0
_a
1899
697
_a
MAGNITO: IJ/PARADIDATICO
942
_c
BK
999
_c
180284
_d
180284